000 00502nam a2200193 4500
003 OSt
005 20240715023633.0
006 a
008 240715b |||||||| |||| 00| 0 eng d
020 _a9715101380
040 _aDWCL-Main lib.
_cOC
082 _aFil. 100 M553f 2000
100 _aMercardo , Leonardo N.
245 _aFilipino thought /
260 _aManila :
_bLogos Pub., Inc.,
_cc2000.
300 _aix,
_b164 p. ;
_c22 cm.
650 _a1. Philosophy.
942 _2ddc
_n0
_cBK - FIL
_kFil.
999 _c2160
_d2160